000 00651nam a2200241 a 4500
001 nice12345678
003 IN_TiNIC
005 20260116013054.0
008 050524s1997 lona grp 000 0 eng
020 _a
_c15.99
082 0 0 _a305.420917
_bSIZ
100 _aSizoo, Edith
245 _aWomen`lifeworlds
_b Women`s Narratives on Shaping Their Realities
260 _aLondon
_bRoutledge Chapman Hall
_c1997
300 _a254p
500 _aincludes index and biblioraphy
505 2 _aAppendix, Bibliography, Index
650 _aWomen-Developing Countrie
700 1 _aSizoo, Edith
902 _bSRS
942 _cBK
999 _c9532
_d9532